000 00472nam a2200157Ia 4500
008 240729s9999 xx 000 0 und d
022 _a2353-9003
245 0 _aInternational Journal of Applied Mechanics and Engineering
260 _aPoland
260 _bUniversity of Zielona Góra
650 _a Mechanical engineering and machinery
650 _aTechnology
856 _uhttps://doaj.org/toc/642f59d1175847ea8aae2adbe0e8407f
942 _2ddc
942 _cDOAJEJ
999 _c72260
_d72260
945 _a1
_bMadushi Gamage
_c1
_dMadushi Gamage